书目信息 |
| 题名: |
房地产经纪职业导论
|
|
| 作者: | 张永岳, , 崔裴 主编 ;中国房地产估价师与房地产经纪人学会 编写 | |
| 分册: | ||
| 出版信息: | 北京 中国建筑工业出版社 2018.05 |
|
| 页数: | 279页 | |
| 开本: | 23cm | |
| 丛书名: | 全国房地产经纪人职业资格考试用书 | |
| 单 册: | ||
| 中图分类: | F299.233 | |
| 科图分类: | ||
| 主题词: | 房地产业--fang di chan ye--经纪人--中国--资格考试--自学参考资料 | |
| 电子资源: | ||
| ISBN: | 978-7-112-22139-4 | |
| 000 | 01266nam 2200277 450 | |
| 001 | 0100002009 | |
| 005 | 20190311084452.49 | |
| 010 | @a978-7-112-22139-4@dCNY42.00 | |
| 100 | @a20180725d2018 em y0chiy50 ea | |
| 101 | 0 | @achi |
| 102 | @aCN@b110000 | |
| 105 | @aak z 000yy | |
| 200 | 1 | @a房地产经纪职业导论@Afang di chan jing ji zhi ye dao lun@f中国房地产估价师与房地产经纪人学会编写@g张永岳, 崔裴主编 |
| 205 | @a第2版 | |
| 210 | @a北京@c中国建筑工业出版社@d2018.05 | |
| 215 | @a279页@c图@d23cm | |
| 225 | 2 | @a全国房地产经纪人职业资格考试用书@Aquan guo fang di chan jing ji ren zhi ye zi ge kao shi yong shu |
| 330 | @a本书共九章, 内容包括: 房地产经纪概述、房地产经纪专业人员、房地产经纪机构的设立与内部组织、房地产经纪机构的企业管理、房地产经纪门店与售楼处管理、房地产经纪业务、房地产经纪服务合同等。 | |
| 410 | 0 | @12001 @a全国房地产经纪人职业资格考试用书 |
| 606 | 0 | @a房地产业@Afang di chan ye@x经纪人@y中国@x资格考试@j自学参考资料 |
| 690 | @aF299.233@v5 | |
| 701 | 0 | @a张永岳,@Azhang yong yue@f1954-@4主编 |
| 701 | 0 | @a崔裴@Acui pei@4主编 |
| 712 | 02 | @a中国房地产估价师与房地产经纪人学会@Azhong guo fang di chan gu jia shi yu fang di chan jing ji ren xue hui@4编写 |
| 801 | 0 | @aCN@c20180901 |
| 905 | @a河南城建学院图书馆@dF299.233@eZ5581-4=2 | |
| 房地产经纪职业导论/中国房地产估价师与房地产经纪人学会编写/张永岳, 崔裴主编.-第2版.-北京:中国建筑工业出版社,2018.05 |
| 279页:图;23cm.-(全国房地产经纪人职业资格考试用书) |
| ISBN 978-7-112-22139-4:CNY42.00 |
| 本书共九章, 内容包括: 房地产经纪概述、房地产经纪专业人员、房地产经纪机构的设立与内部组织、房地产经纪机构的企业管理、房地产经纪门店与售楼处管理、房地产经纪业务、房地产经纪服务合同等。 |
| ● |
| 相关链接 |
|
|
|
正题名:房地产经纪职业导论
索取号:F299.233/Z5581-4=2
 
预约/预借
| 序号 | 登录号 | 条形码 | 馆藏地/架位号 | 状态 | 备注 |
| 1 | 1244178 | 212441785 | 社科库409/409社科库 31排4列5层/ [索取号:F299.233/Z5581-4=2] | 在馆 | |
| 2 | 1379291 | 213792911 | 社科库409/409社科库 110排1列6层/ [索取号:F299.233/Z5581-4=2] | 在馆 | |
| 3 | 1379292 | 213792920 | 社科库409/409社科库 110排1列6层/ [索取号:F299.233/Z5581-4=2] | 在馆 |